Types de chaussures par images - Statistiques

Statistiques générales
  • Ce quiz a été pris 1 213 fois
  • Le résultat moyen est 8 sur 16
Statistiques - réponses
Par images Réponse % Correct
Tong
95%
Botte
94%
Ballerine
90%
Claquette
83%
Escarpin
77%
Espadrille
70%
Sabot
65%
Mocassin
62%
Cuissarde
43%
Rangers
27%
Derby
18%
Richelieu
15%
Demi-pointe
8%
Tabi
7%
Salomé
3%
Avarca
1%
Aucun quiz correspondant
Distribution des résultats
% des personnes avec chaque résultat
Percentile par nombre de réponses
Votre historique - résultats
Vous n’avez pas pris ce quiz